| 000 | 00350nam a2200145Ia 4500 | ||
|---|---|---|---|
| 008 | 221030s9999 xx 000 0 und d | ||
| 041 | _aEnglish | ||
| 082 | _a105.23 | ||
| 100 | _a- | ||
| 245 | 0 |
_aElectronics for You Annual Guide 2004 _cby - |
|
| 260 |
_bEFY Enterprises Pvt. Ltd. _aNew Delhi _c2004 |
||
| 300 | _a2004 | ||
| 650 | _aECE | ||
| 942 | _cBK | ||
| 999 |
_c3657 _d3657 |
||